All-England Champions - Statistics

General Stats
  • This quiz has been taken 11 times
  • The average score is 13 of 17
Answer Stats
First champion Country % Correct
1949 United States
100%
1939 Canada
90%
1982 China
90%
1899 England
90%
1923 Ireland
90%
1969 Japan
90%
2016 Russia
90%
1985 Scotland
90%
1939 Denmark
80%
1967 Netherlands
80%
2015 Spain
80%
1947 Sweden
80%
1980 India
70%
1981 South Korea
70%
1959 Indonesia
60%
1949 Malaysia
50%
2017 Taiwan
30%
No matching quizzes found
Score Distribution
Percent of People with Each Score
Percentile by Number Answered
Your Score History
You have not taken this quiz